000 00330nam a2200145Ia 4500
100 _aFuchs/Ewald F
942 _cRB
366 _f25
245 _aPower quality in power systems and electrical machines
260 _bAcademic Press
_c2008
082 _a621.31042
_bFUC
300 _a638
546 _aENGLISH
_cTTL
999 _c21060
_d21060